MDQL
is popping MORE tags! Check the
thread
!
Quizzes
Events
Quiz Creation
Community
Videos
Private Events
Remove Ads
Sign In
Join for FREE
Feedback
Dark Mode
Quiz Categories
Sports
Geography
Music
Movies
Television
Just For Fun
Miscellaneous
History
Literature
Language
Science
Gaming
Entertainment
Religion
Holiday
For Kids
Quiz Lab
Recent
Popular Today
Quiz Kudos Today
Editor Picks
Curator Picks
Quizzes by...
Day
Popularity
Type
Ratings
Length
Year
Community
Subscriptions
Recent Discussions
Orange Saloon
Badges
Playlists
Quests
Create
Leaderboards
Showdown
Live 5
Trivia Bingo
Activity
Puzzle Library
Sporcle Events
Private Events
Virtual Trivia
Globe League
Become a Host
Pub Owners
SporcleCon
Opinionation
Our Games
Videos
Blog
Mobile Apps
Partnerships
Remove Ads and Go Orange
Feedback
Sports
Athletes
MLB
NBA
NHL
NFL
Soccer
Sports Teams
WWE
NCAA
Football
Premier League
Basketball
Baseball
Hockey
Golf
Tennis
Cricket
Rugby
Auto Racing
Olympics
World Cup
Sports
Athletes
MLB
NBA
NHL
NFL
Soccer
Sports Teams
WWE
NCAA
Football
Premier League
Basketball
Baseball
Hockey
Golf
Tennis
Cricket
Rugby
Auto Racing
Olympics
World Cup
Random Quiz
Search Sporcle
×
Quiz Lab
Quiz Lab
Sports
All-Star
Type in answers that appear in a list
Type in answers that appear in a list
Classic
Best Score? Go Orange.
Pittsburgh Pirates All-Stars 1994-2014 Stats
Can you name the Pittsburgh Pirates All-Stars 1994-2014
By
the412kid
10m
33 Questions
191 Plays
191 Plays
191 Plays
Comments
Comments
Give Quiz Kudos
Give Quiz Kudos
-
- Ratings
hide this ad
Replay
Link that replays current quiz
Next Quiz
Link to next quiz in quiz playlist
You Got
0%
They Got
Avg Score
72%
Avg Friend Score
Upgrade to see
Score Distribution
Jump to the score distribution portion of the page
Score
0/33
Timer
10:00
0
Plays Today
Year
Player
% Correct
2011
Andrew McCutchen
98.4%
2012
Andrew McCutchen
98.4%
2013
Andrew McCutchen
98.4%
2014
Andrew McCutchen
98.4%
1996
Jason Kendall
91.6%
1998
Jason Kendall
91.6%
2000
Jason Kendall
91.6%
2005
Jason Bay
86.4%
2006
Jason Bay
86.4%
2013
Pedro Alvarez
84.8%
2006
Freddy Sanchez
82.7%
2007
Freddy Sanchez
82.7%
2009
Freddy Sanchez
82.7%
2000
Brian Giles
79.6%
2001
Brian Giles
79.6%
2014
Josh Harrison
79.1%
2004
Jack Wilson
77%
Year
Player
% Correct
2013
Jason Grilli
76.4%
2013
Mark Melancon
72.8%
2014
Tony Watson
64.9%
2011
Joel Hanrahan
62.8%
2012
Joel Hanrahan
62.8%
2008
Nate McLouth
62.3%
2013
Jeff Locke
62.3%
2002
Mike Williams
60.7%
2003
Mike Williams
60.7%
2009
Zach Duke
59.2%
1997
Tony Womack
47.1%
1994
Carlos Garcia
46.6%
2010
Evan Meek
44.5%
2011
Kevin Correia
40.8%
1999
Ed Sprague
40.3%
1995
Denny Neagle
38.2%
Quiz Playlist
Details
Report
Send in Message
Add To Playlist
Classic:
Type in answers that appear in a list
Last Updated: Feb 16, 2017
Quiz Scoreboard
CHALLENGE
Sign Up to Join the Scoreboard
Show All
Scores
Hide
Comments
May contain spoilers
Recently Published
Find the 'City' Movie
by crazypaving
Movies
60s
5x2 Blitz: Bands
by SL_Kpop136
Music
30s
Colored Red Africa Blitz
by spor1
Geography
30s
More to Explore
Quiz From the Vault
Featured Blog Post
14 Easter Pick-up Lines to Find Eggs With
hide this ad
You Might Also Like...
Tags
All-Star
pirate
pittsburgh
Pittsburgh Pirates
Player
Today's Top Quizzes in Sports
Browse Sports
hide this ad
Today's Top Quizzes in All-Star
Browse All-Star
Top Contributed Quizzes in Sports
1
Les entraîneurs de l'OM et du PSG au 21e siècle
2
Les meilleurs buteurs des matchs entre le PSG et l’OM
3
Players with Multiple 50 Home Run Seasons
4
2022 World Cup Stars
5
Les joueurs passés par le PSG et l'OM
6
NBA Logic Puzzle 2.0
7
Criteria MLB: Left Handed Sluggers
8
MLB Players with Two .350 Batting Average Seasons
9
Top 10 NHL Goal Scorers of All Time
10
Who Hit More Homers?
Explore More
Trending Topics
Crossword
Marvel
NBA
Kpop
Harry Potter
Disney
Anime
Song
WWE
The Office
Soccer
Pokémon
Puzzle
Country
NFL
hide this ad
More By:
the412kid
Quiz
Plays
Rating
Category
Featured
Created
Pittsburgh Steelers Pro Bowlers 1990-2010
2,138
4.38
Sports
Jan 1, 2010
Steelers by Number
968
2.00
Sports
Nov 11, 2009
Pittsburgh Sports Nicknames
665
4.00
Sports
Nov 11, 2009
Pittsburgh Pirates Managers Since 1970
467
Sports
Dec 17, 2009
World History A-Z
403
2.80
History
Jun 30, 2014
Go to Creator's Profile
Score Distribution
Quiz Creator Spotlight
the412kid
Follow
Send a Message
Quizzes Created
-
Created Quiz Play Count
-
More By This Creator
Popular Quizzes Today
1
Colored Red Africa Blitz
2
Find the 'City' Movie
3
Find the US States - No Outlines Minefield
4
5x2 Blitz: Bands
5
The Countries of the World
6
Find the US States
7
Find the Countries of Europe - No Outlines Minefield
8
US States
More Sports Quizzes
Héctor Bellerín's Cup Final XI's
Quiz Lab
Trending Quizzes
Colored Red Europe Blitz I
Colored Red Africa Blitz II
Colored Red Europe Blitz II
Colored Red Africa Blitz III
Colored Red Europe Blitz III
Recently Updated
How Do You Spell That?
pecheneg
Godzilla Movies
pecheneg
Grab Bag: 4-10 Letters
pecheneg
2024 March Madness Bracket
pecheneg
Famous TV Couples
Peacemaker
Champions League XIs: Real Madrid
pecheneg
Largest US Cities 1790-2010
pecheneg
Rides in Walt Disney World
pecheneg
Most Oscar Losses (Acting)
pecheneg
Beyoncé Albums
pecheneg
Trending Topics
Harry Potter
Kpop
Anime
NBA
Marvel
Crossword
Disney
NFL
The Office
Soccer
WWE
Country
Puzzle
Pokémon
Song
Your Account Isn't Verified!
In order to create a playlist on Sporcle, you need to verify the email address you used during registration. Go to your
Sporcle Settings
to finish the process.
Report this User
Report this user for behavior that violates our
Community Guidelines
.
Details:
Send Report
Go to the Sporcle.com Mobile Site →
Comments